Composición para el cine

Gespeichert in:
Bibliographische Detailangaben
Hauptverfasser: Adorno, Theodor Wiesengrund (VerfasserIn), Eisler, Hanns (VerfasserIn)
Format: Buch
Sprache:Spanisch
Veröffentlicht: Madrid Akal S. A 2007
Ausgabe:1a. ed
Schriftenreihe:Básica de Bolsillo, 77
Schlagworte:
Tags: Tag hinzufügen
Keine Tags, Fügen Sie den ersten Tag hinzu!

MARC

LEADER 00000cam a2200000 a 4500
001 UCE0653
003 CL-VaPUC
008 140227e20070000sp |||||||||||||||||spa|d
020 |a 9788446016854 
082 0 4 |a 791.43  |b ADO  |2 21 
100 0 |a Adorno, Theodor Wiesengrund  |e author  |9 325578 
700 0 |a Eisler, Hanns  |e author  |9 573022 
245 1 0 |a Composición para el cine 
246 1 3 |a El fiel correpetidor 
246 1 0 |a Obra completa, 15 
250 |a 1a. ed 
300 |a 414 p 
942 |c BK 
945 |d 20140227 11:27:00  |a dcastane 
260 |a Madrid  |b Akal S. A  |c 2007 
650 0 |a Artes escénicas  |9 318853 
650 0 |a Cine  |9 225706 
650 0 |a Medios de comunicación de masas  |9 257273 
650 7 |a MUSICA DE PELICULA  |2 CL-VaPUC  |9 355134 
650 0 |a Estética   |9 264950 
583 |a last modification  |c 20140227 11:27:00  |k Rodrigo Vera 
490 0 |a Básica de Bolsillo, 77 
999 |c 354715  |d 354713 
952 |0 0  |1 0  |3 erb  |4 0  |6 791_430000000000000_ADO_2007  |7 0  |8 A  |9 460862  |a BIBART  |b BIBART  |i 5057213  |o 791.43 ADO 2007  |p 5057213  |r 2025-03-13  |w 2019-11-23  |y BK  |z Catalogado en:20140227  |k ART